| 000 | 00769nam0a22002531 4500 | ||
|---|---|---|---|
| 001 | v19\rc\1258357 | ||
| 005 | 20250618001020.0 | ||
| 035 | _a(NLR Aleph) 004413216 | ||
| 090 |
_a4035008 _c4035008 |
||
| 100 | _a20060306d1892 |||y0rusy50 ca | ||
| 101 | 0 | _arus | |
| 102 | _aRU | ||
| 105 | _ay z ||||| | ||
| 200 | 1 |
_aО современном положении женщины _eПубл. лекция [чит. 23 марта 1892 г.] |
|
| 205 | _a2-е изд. | ||
| 210 |
_aМосква _cтип. А.И. Снегиревой _d1892 |
||
| 215 |
_a36 с. _d18 |
||
| 300 | _aМикрофильм | ||
| 700 | 1 |
_aБезобразова _bП.В. |
|
| 801 | 0 |
_aRU _bNLR _gpsbo |
|
| 801 | 1 |
_aRU _bProSoft-M _2rusmarc |
|
| 852 |
_aNLR _bМф _jК1/22170 |
||
| 942 | _cBOOK | ||
| 980 | _aNB | ||